00347nam a2200085Ia 4500008004100000245006700041245004700108260000900155856009700164160523s9999 xx 000 0 und d aStrategies for Tourism Industry - Micro and Macro Perspectives cEdited by Murat Kasimoglu and Handan Aydin c2012 uhttp://www.intechopen.com/books/strategies-for-tourism-industry-micro-and-macro-perspectives